| 000 | 00778nam a22001937a 4500 | ||
|---|---|---|---|
| 999 |
_c20030 _d20030 |
||
| 003 | AR-CdUCM | ||
| 008 | 190524b ||||| |||| 00| 0 spa d | ||
| 040 |
_aMUNICIPALIDAD PROVINCIAL DEL CUSCO _cBIBLIOTECA MUNICIPAL DEL CUSCO |
||
| 041 | _heng | ||
| 082 |
_22ed _a372.1209 / _bJ72 |
||
| 100 |
_aJones, Arthur J. _928874 |
||
| 245 | _aPrincipios de orientación y asistencia personal al alumno / | ||
| 260 |
_aBuenos Aires : _bEUDEBA, _c1970. |
||
| 300 |
_a564 páginas ; _c23 cm. |
||
| 505 | _aContenido: Sentido y propósitos de la orientación -- Los métodos de investigación en orientación y asistencia personal -- Métodos para orientar a los estudiantes ... | ||
| 700 |
_aTavella, Nicolas M. (traducción) _941901 |
||
| 942 |
_2ddc _cLIBROS |
||
| 945 |
_adavv _d2019-05-24 |
||